| 000 | 00643nam a22001932 4500 | ||
|---|---|---|---|
| 001 | 0000012083 | ||
| 005 | 20151217152106.0 | ||
| 008 | 090201s xx 000 0 eng d | ||
| 020 | _a9766372624 : | ||
| 040 |
_aKABU _cKABU |
||
| 245 | 1 | 0 |
_aCoastal resource management in the wider Caribbean : _bresilience, adaptation, and community diversity / _cedited by Yvan Breton ...[et al.] |
| 250 | _a1st ed. | ||
| 260 |
_aNairobi : _bIDRC, _c2006. |
||
| 300 | _axvi, 265 p. | ||
| 650 | 0 |
_aCoastal zone management _zCaribbean Area. _@0000168279 |
|
| 852 | 1 | _9p500 KES | |
| 908 | _a090201 | ||
| 950 | _@1 | ||
| 999 |
_c8168 _d8168 |
||